Flatline-Justin Bieber Lyric quiz - Statistics

General Stats
  • This quiz has been taken 35 times
  • The average score is 355 of 451
Answer Stats
Answer % Correct
Flatline,
100%
flatline,
100%
flatline
100%
flatline?
100%
(flatline)
100%
Flatline
100%
(flatline),
100%
(Flatline)
100%
I
100%
you
100%
you,
100%
been
92%
busy,
92%
busy
92%
Lately
92%
She
92%
the
92%
a
85%
(a
85%
always
85%
And
85%
and
85%
at
85%
bad
85%
(bad
85%
became
85%
control
85%
dedicated
85%
do
85%
don't
85%
girl
85%
Girl,
85%
go
85%
How
85%
know
85%
life
85%
me
85%
me?
85%
me,
85%
my
85%
of
85%
on
85%
one's
85%
out
85%
schedule
85%
that
85%
there
85%
This
85%
time
85%
time)
85%
to
85%
Why
85%
you've
85%
care
77%
catch
77%
could
77%
did
77%
fair,
77%
it
77%
it's
77%
It's
77%
just
77%
mean
77%
miss
77%
not
77%
Not
77%
road,
77%
victim
77%
was
77%
if
69%
I'm
69%
leave
69%
listen
69%
love
69%
so
69%
Talk
69%
wanna
69%
When
69%
when
69%
wondering
69%
act
62%
against
62%
come
62%
different?
62%
I'll
62%
last
62%
(last
62%
like
62%
plug
62%
pull
62%
told
62%
All
54%
can't
54%
even
54%
giving,
54%
lie
54%
lie)
54%
probably
54%
reply
54%
(reply)
54%
think
54%
'Cause
46%
hit
46%
now
38%
what
38%
is
31%
leaving,
31%
need
31%
believe
23%
I'ma
23%
damn,
15%
down,
15%
heart
15%
knowing
15%
seeing?
15%
she's
15%
bleeding
8%
breathing,
8%
heart's
8%
(Oh-oh)
8%
said
8%
Shut
8%
rhink
0%
No matching quizzes found
Score Distribution
Percent of People with Each Score
Percentile by Number Answered
Your Score History
You have not taken this quiz